[Event "Campionatul National individual  de sen"]
[Site "Olanesti"]
[Date "2013.02.16"]
[Round "5.11"]
[White "Cosman, Andreea-Marioara"]
[Black "Stanciu, Ioana-Georgiana"]
[Result "1/2-1/2"]
[WhiteElo "1944"]
[BlackElo "1716"]
[PlyCount "111"]
[EventDate "2013.02.16"]
[EventRounds "9"]

1. d4 d5 2. c4 dxc4 3. Nf3 a6 4. a4 Nc6 5. e3 Na5 6. Nbd2 Be6 7. Ng5 Bd5 8. e4
e5 9. Ngf3 exd4 10. Nxd4 Bc5 11. Nf5 Qf6 12. Qg4 g6 13. exd5 gxf5 14. Qf3 O-O-O
15. Be2 Ne7 16. O-O Nxd5 17. Nxc4 Nc6 18. Be3 Bd4 19. Rac1 Kb8 20. Bf4 Rhe8 21.
Bd3 Ncb4 22. Bxf5 Nxf4 23. Qxf4 Nd3 24. Qf3 Nxc1 25. Rxc1 h6 26. g3 Re7 27. b4
Rde8 28. Rc2 Re1+ 29. Kg2 Rb1 30. b5 axb5 31. Na5 Qb6 32. Nc6+ bxc6 33. Rxc6
Qb7 34. Bxb1 Re2 35. Qxe2 Qxc6+ 36. Be4 Qc4 37. Qxc4 bxc4 38. f3 f6 39. Kf1 Ka7
40. Bd5 c3 41. Ke2 Kb6 42. Kd3 c5 43. Bb3 Ka5 44. Kc4 Kb6 45. Bc2 Bg1 46. h3
Bh2 47. g4 Be5 48. Kd5 Bd4 49. f4 Be3 50. Ke4 Bd2 51. h4 Ka5 52. g5 fxg5 53.
hxg5 hxg5 54. f5 g4 55. Kd3 Kb4 56. f6 1/2-1/2

[Event "Campionatul National individual  de sen"]
[Site "Olanesti"]
[Date "2013.02.16"]
[Round "6.9"]
[White "Olea, Liliana"]
[Black "Stanciu, Ioana-Georgiana"]
[Result "0-1"]
[WhiteElo "1926"]
[BlackElo "1716"]
[PlyCount "99"]
[EventDate "2013.02.16"]
[EventRounds "9"]

1. b3 d5 2. Bb2 Nf6 3. e3 Bg4 4. f3 Bf5 5. g4 Bg6 6. h4 h5 7. g5 Nfd7 8. Nc3 e6
9. Nge2 c6 10. Nf4 Bd6 11. Nce2 O-O 12. d4 e5 13. Ng2 Qe7 14. f4 exf4 15. exf4
Be4 16. Qd2 Re8 17. Rg1 Na6 18. O-O-O Nb4 19. Ng3 Bxc2 20. Re1 Be4 21. Nxe4
dxe4 22. Kb1 Qe6 23. Bc4 Qg6 24. f5 Qxf5 25. Ne3 Qg6 26. Ref1 Rf8 27. Ka1 b5
28. Be2 a5 29. Bc3 Nb6 30. Nf5 N6d5 31. Nxd6 e3 32. Qc1 Qxd6 33. Bxh5 a4 34.
bxa4 Rxa4 35. g6 Rxa2+ 36. Kb1 f6 37. Bf3 Rc2 38. Bxd5+ Qxd5 39. Qa3 c5 40. Rg5
fxg5 41. Rxf8+ Kxf8 42. Bxb4 Rc4 43. Bxc5+ Rxc5 44. dxc5 Qd1+ 45. Kb2 Qd4+ 46.
Ka2 Qd2+ 47. Ka1 e2 48. c6+ Ke8 49. Qa8+ Qd8 50. Qxd8+ 0-1

[Event "Campionatul National individual  de sen"]
[Site "Olanesti"]
[Date "2013.02.16"]
[Round "7.7"]
[White "Stanciu, Ioana-Georgiana"]
[Black "Lolici, Iselin Amanda"]
[Result "0-1"]
[WhiteElo "1716"]
[BlackElo "1964"]
[PlyCount "124"]
[EventDate "2013.02.16"]
[EventRounds "9"]

1. e4 c5 2. Nf3 Nc6 3. d4 cxd4 4. Nxd4 Nf6 5. Nc3 g6 6. Nxc6 bxc6 7. e5 Ng8 8.
Bc4 Bg7 9. Qf3 f5 10. Bf4 e6 11. O-O Qc7 12. Rfe1 Nh6 13. Qg3 Nf7 14. h4 Rg8
15. Rad1 Bh8 16. Nb1 h6 17. Nd2 Bb7 18. Bb3 O-O-O 19. Nc4 g5 20. Nd6+ Nxd6 21.
exd6 Qb6 22. hxg5 hxg5 23. Bxg5 Bf6 24. Bxe6 Rxg5 25. Qf4 c5 26. Bd5 Bxd5 27.
Rxd5 Rdg8 28. g3 Bd4 29. Kf1 Qb5+ 30. Re2 Qxb2 31. Rxf5 Rxf5 32. Qxf5 Qb1+ 33.
Re1 Qb5+ 34. Kg2 Qc6+ 35. Qe4 Qxe4+ 36. Rxe4 Rg6 37. g4 Rxd6 38. g5 Re6 39. Rf4
Rg6 40. Rf5 d6 41. f4 a5 42. Kf3 Kd7 43. Kg4 Rg8 44. Rf7+ Ke6 45. Rh7 Bg7 46.
f5+ Ke5 47. Rh2 d5 48. Rf2 d4 49. f6 Bf8 50. Kh5 c4 51. g6 d3 52. cxd3 cxd3 53.
Kg5 Kd4 54. f7 Rh8 55. Kf6 Ke3 56. Rg2 d2 57. g7 Bxg7+ 58. Kxg7 d1=Q 59. Kxh8
Qh1+ 60. Rh2 Qxh2+ 61. Kg7 Qg3+ 62. Kf6 Qf4+ 0-1

[Event "Campionatul National individual  de sen"]
[Site "Olanesti"]
[Date "2013.02.16"]
[Round "8.8"]
[White "Morea, Georgiana-Steluta"]
[Black "Stanciu, Ioana-Georgiana"]
[Result "1-0"]
[WhiteElo "1870"]
[BlackElo "1716"]
[PlyCount "149"]
[EventDate "2013.02.16"]
[EventRounds "9"]

1. c4 e5 2. Nc3 Bb4 3. g3 Nf6 4. Bg2 c6 5. e4 c5 6. Nge2 Nc6 7. O-O O-O 8. d3
d6 9. h3 a6 10. Bg5 Bxc3 11. bxc3 b5 12. cxb5 axb5 13. a3 Ba6 14. f4 Qe7 15. d4
Rfd8 16. fxe5 dxe5 17. d5 Na5 18. Bxf6 gxf6 19. Nc1 Nc4 20. Rf2 Bc8 21. Nd3 Bd7
22. Qf3 Ra6 23. Ne1 Rda8 24. Nc2 Kg7 25. Bf1 Nxa3 26. Ne3 Ra4 27. Nf5+ Bxf5 28.
Qxf5 Nc4 29. Rxa4 Rxa4 30. Bxc4 Rxc4 31. Rd2 Qd6 32. Qc8 Rxe4 33. Qc6 Qd8 34.
d6 Ra4 35. d7 Ra1+ 36. Kf2 b4 37. Qc8 bxc3 38. Qxd8 cxd2 39. Qh8+ Kxh8 40.
d8=Q+ Kg7 41. Qxd2 e4 42. Ke3 Ra3+ 43. Kf4 Rf3+ 44. Kxe4 Rxg3 45. Kf4 Rb3 46.
Qg2+ Kf8 47. Kf5 Rb6 48. Qa8+ Kg7 49. Qd8 Re6 50. Qc8 Re3 51. Kf4 Re5 52. h4 h6
53. Qd8 Re1 54. Qd2 Re5 55. Qd1 Kf8 56. Qg1 h5 57. Qg2 Re6 58. Kf5 Ke7 59. Qg8
Re5+ 60. Kf4 Rd5 61. Qc8 Re5 62. Qa8 Kd7 63. Qf8 Re7 64. Kf5 Re1 65. Qxf7+ Kc6
66. Qxf6+ Kb5 67. Qb2+ Kc4 68. Qc2+ Kb5 69. Qb3+ Kc6 70. Qf3+ Kb5 71. Qxh5 c4
72. Qh8 Re3 73. Qb8+ Kc6 74. Qc8+ Kd5 75. Qd7+ 1-0

[Event "Campionatul National individual  de sen"]
[Site "Olanesti"]
[Date "2013.02.16"]
[Round "9.11"]
[White "Stanciu, Ioana-Georgiana"]
[Black "Porcoleanu, Doina Olga"]
[Result "1-0"]
[WhiteElo "1716"]
[BlackElo "1684"]
[PlyCount "105"]
[EventDate "2013.02.16"]
[EventRounds "9"]

1. e4 c5 2. Nf3 e6 3. d3 Nc6 4. g3 d6 5. Bg2 Nf6 6. O-O Be7 7. Nbd2 O-O 8. b3
Qc7 9. Bb2 e5 10. h3 Bd7 11. Re1 Rfe8 12. Nf1 Bf8 13. Ne3 g6 14. Nd2 Bg7 15.
Nb1 Be6 16. Nc3 Qd7 17. Kh2 a6 18. Ncd5 Qd8 19. a4 Ne7 20. Nc3 Bd7 21. a5 Nc6
22. Nc4 Be6 23. Nd5 Rb8 24. Qd2 Ne7 25. Ndb6 Nc6 26. Ba3 Nd4 27. Rab1 Nb5 28.
Bb2 Qc7 29. b4 Rbd8 30. Ne3 Nd7 31. Nbd5 Bxd5 32. Nxd5 Qb8 33. c4 Nd4 34. Bxd4
exd4 35. b5 Qc8 36. Rb2 Nb8 37. Reb1 Qd7 38. bxa6 Nxa6 39. Rxb7 Qe6 40. R1b6
Qc8 41. Ne7+ Rxe7 42. Rxe7 Nb4 43. Rbb7 Rf8 44. Bf3 Qd8 45. Rec7 Qf6 46. Kg2
Na6 47. Rc6 Nb4 48. Rxb4 cxb4 49. Qxb4 Rd8 50. e5 Qxe5 51. a6 Bf8 52. Qb6 Qe8
53. a7 1-0

[Event "Campionatul National pe Echipe Pentru C"]
[Site "?"]
[Date "2013.07.16"]
[Round "?"]
[White "Stanciu, Ioana-Georgiana"]
[Black "Sonfalean, Maria Laura"]
[Result "1-0"]
[WhiteElo "1737"]
[BlackElo "1588"]
[PlyCount "63"]
[EventDate "2013.??.??"]

1. e4 e5 2. Nf3 Nc6 3. Bb5 a6 4. Ba4 Nf6 5. d3 b5 6. Bb3 Be7 7. Nbd2 d6 8. c3
Na5 9. Bc2 c5 10. Nf1 O-O 11. Ng3 h6 12. O-O Nc6 13. h3 Nh7 14. Nh2 Bg5 15. f4
exf4 16. Bxf4 Bxf4 17. Rxf4 Ne5 18. Nf5 Qg5 19. Qf1 g6 20. h4 Qd8 21. Nxh6+ Kg7
22. d4 Kxh6 23. dxe5 dxe5 24. Rxf7 Rxf7 25. Qxf7 Qxh4 26. Qd5 Ra7 27. Qxc5 Rf7
28. Bb3 Rf4 29. Rf1 Bb7 30. Bd5 Bxd5 31. exd5 Nf6 32. Qc8 1-0

[Event "Campionatul National pe Echipe Pentru C"]
[Site "?"]
[Date "2013.07.16"]
[Round "?"]
[White "Stanciu, Ioana-Georgiana"]
[Black "Toma, Elena-Adelaida"]
[Result "1-0"]
[WhiteElo "1737"]
[BlackElo "1701"]
[PlyCount "63"]
[EventDate "2013.??.??"]

1. e4 e6 2. d3 d5 3. Nd2 Nf6 4. Ngf3 c5 5. g3 Nc6 6. Bg2 Be7 7. O-O O-O 8. e5
Nd7 9. Re1 Qc7 10. Qe2 Nb4 11. Nf1 b6 12. a3 Nc6 13. Bf4 Bb7 14. h4 Rac8 15.
N1h2 Nd4 16. Nxd4 cxd4 17. Rac1 Nc5 18. Nf3 Na4 19. Nxd4 Ba6 20. c3 Nc5 21.
Rcd1 Na4 22. Rd2 Bc5 23. Qg4 Bxd4 24. cxd4 Rfe8 25. Bh6 g6 26. Bg5 h5 27. Qf4
Kh7 28. Qf6 b5 29. Bf3 Nb6 30. Bxh5 Qe7 31. Qxe7 Rxe7 32. Bxg6+ 1-0

[Event "Campionatul National pe Echipe Pentru C"]
[Site "?"]
[Date "2013.07.17"]
[Round "?"]
[White "Morea, Georgiana-Steluta"]
[Black "Stanciu, Ioana-Georgiana"]
[Result "1-0"]
[WhiteElo "1882"]
[BlackElo "1737"]
[PlyCount "88"]
[EventDate "2013.??.??"]

1. c4 e6 2. Nc3 d5 3. d4 c6 4. e3 Nf6 5. Nf3 Nbd7 6. Bd3 dxc4 7. Bxc4 b5 8. Bd3
Bd6 9. O-O O-O 10. e4 e5 11. Be3 a6 12. dxe5 Nxe5 13. Nxe5 Bxe5 14. h3 Re8 15.
Qc2 Bb7 16. Ne2 c5 17. Rad1 c4 18. Bxc4 Qc7 19. Bd3 Qxc2 20. Bxc2 Bxb2 21. f3
Rad8 22. Nd4 Rd7 23. Rd3 Red8 24. Rfd1 h6 25. Kf2 Rc8 26. Bb3 Rc3 27. Rxc3 Bxc3
28. Nf5 Rxd1 29. Bxd1 Be5 30. Bb3 Nd7 31. g3 Kf8 32. Bd2 Nb8 33. Bb4+ Ke8 34.
Bd6 g6 35. Bxe5 gxf5 36. Bxb8 fxe4 37. fxe4 Bxe4 38. Ke3 Bg2 39. h4 a5 40. a4
Bc6 41. axb5 Bxb5 42. Kd4 a4 43. Bc4 Bc6 44. Kc5 Bd7 1-0

[Event "Campionatul National pe Echipe Pentru C"]
[Site "?"]
[Date "2013.07.17"]
[Round "?"]
[White "Toma, Elena-Adelaida"]
[Black "Stanciu, Ioana-Georgiana"]
[Result "1/2-1/2"]
[WhiteElo "1701"]
[BlackElo "1737"]
[PlyCount "68"]
[EventDate "2013.??.??"]

1. d4 d5 2. c4 e6 3. Nc3 c6 4. e3 Nf6 5. Nf3 Nbd7 6. Bd3 dxc4 7. Bxc4 b5 8. Bd3
Bd6 9. Qc2 O-O 10. e4 e5 11. Bg5 Bb7 12. O-O h6 13. Bh4 a6 14. Rad1 Qe7 15.
dxe5 Nxe5 16. Nxe5 Bxe5 17. Ne2 Qb4 18. b3 c5 19. f4 Bc7 20. Bxf6 gxf6 21. Rf3
f5 22. Rg3+ Kh7 23. e5 Be4 24. Bxe4 Qxe4 25. Qxe4 fxe4 26. Nc3 Rad8 27. Rxd8
Rxd8 28. Nxe4 Ba5 29. h3 Bb4 30. f5 c4 31. bxc4 bxc4 32. e6 fxe6 33. fxe6 Be7
34. Rc3 Rd4 1/2-1/2

[Event "Campionatul National pe Echipe Pentru C"]
[Site "?"]
[Date "2013.07.18"]
[Round "?"]
[White "Sonfalean, Maria Laura"]
[Black "Stanciu, Ioana-Georgiana"]
[Result "0-1"]
[WhiteElo "1588"]
[BlackElo "1737"]
[PlyCount "52"]
[EventDate "2013.??.??"]

1. e4 c5 2. Nf3 e6 3. d4 cxd4 4. Nxd4 Nf6 5. Nc3 d6 6. Be2 a6 7. O-O Nbd7 8.
Kh1 b5 9. a3 Bb7 10. Bf3 Be7 11. Be3 O-O 12. Qe2 Rc8 13. Rad1 Ne5 14. Rfe1 Nc4
15. Bc1 Nxa3 16. Ncxb5 Nxb5 17. Nxb5 axb5 18. e5 Bxf3 19. Qxf3 Nd5 20. Qg4 dxe5
21. Rxe5 Kh8 22. Rh5 Nf6 23. Rxh7+ Kxh7 24. Qh3+ Kg8 25. Rxd8 Rfxd8 26. Qf3
Rxc2 0-1

[Event "Campionatul National pe Echipe Pentru C"]
[Site "?"]
[Date "2013.07.19"]
[Round "?"]
[White "Stanciu, Ioana-Georgiana"]
[Black "Morea, Georgiana-Steluta"]
[Result "1-0"]
[WhiteElo "1737"]
[BlackElo "1882"]
[PlyCount "55"]
[EventDate "2013.??.??"]

1. e4 c5 2. Nf3 e6 3. d4 cxd4 4. Nxd4 a6 5. Be3 Nf6 6. Nd2 Qc7 7. f4 d6 8. Bd3
Nbd7 9. Qf3 Nc5 10. g4 h6 11. N2b3 b6 12. O-O Bb7 13. Nd2 Be7 14. g5 Nfd7 15.
g6 f6 16. b4 e5 17. Nf5 Ne6 18. Qg4 Ndf8 19. Nc4 b5 20. Nb6 Rd8 21. Nd5 Bxd5
22. exd5 h5 23. dxe6 Nxe6 24. Qf3 d5 25. fxe5 Qxe5 26. Rae1 Bxb4 27. Bd2 Bc5+
28. Kh1 1-0

[Event "Porto Carras Greece, World School Champ"]
[Site "?"]
[Date "2013.05.08"]
[Round "?"]
[White "Stanciu, Ioana-Georgiana"]
[Black "Beinenson, Katsiaryna"]
[Result "0-1"]
[WhiteElo "1745"]
[BlackElo "1970"]
[PlyCount "76"]
[EventDate "2013.??.??"]

1. e4 c5 2. Nf3 Nc6 3. d4 cxd4 4. Nxd4 Qb6 5. Nb3 Nf6 6. Nc3 e6 7. Qe2 Bb4 8.
Bd2 O-O 9. a3 Be7 10. O-O-O d5 11. e5 Nd7 12. Be3 Qc7 13. f4 a6 14. g4 b5 15.
h4 b4 16. axb4 Nxb4 17. Qf2 Rb8 18. g5 Qb7 19. Ba7 Ra8 20. Bd4 a5 21. Nb5 a4
22. Nc5 Qc6 23. Nxd7 Bxd7 24. h5 Rfb8 25. Na3 Na2+ 26. Kd2 Bb4+ 27. Kd3 Rc8 28.
Bh3 Bxa3 29. bxa3 Qc4+ 30. Ke3 Nc3 31. Rc1 Nb5 32. c3 Nxd4 33. cxd4 Qb3+ 34.
Kd2 Qb2+ 35. Ke3 Qxa3+ 36. Kd2 Rxc1 37. Rxc1 Qxh3 38. Rc7 Be8 0-1

[Event "Porto Carras Greece, World School Champ"]
[Site "?"]
[Date "2013.05.13"]
[Round "?"]
[White "Stanciu, Ioana-Georgiana"]
[Black "Aay, Aisyah Anisa"]
[Result "0-1"]
[WhiteElo "1745"]
[BlackElo "1860"]
[PlyCount "56"]
[EventDate "2013.??.??"]

1. e4 c5 2. Nf3 d6 3. d4 cxd4 4. Nxd4 Nf6 5. Nc3 a6 6. f4 Qc7 7. h3 b5 8. Bd3
Bb7 9. Qf3 Nbd7 10. Be3 Nc5 11. a3 e6 12. g4 d5 13. e5 Nfe4 14. Bxe4 Nxe4 15.
Nxe4 dxe4 16. Qg3 Bc5 17. Rh2 Rd8 18. Rd1 Rd5 19. h4 Ke7 20. f5 Rxe5 21. Bf4
Bd6 22. Rhd2 Rd5 23. Nxe6 fxe6 24. Bg5+ Ke8 25. Qe3 Bc5 26. Qxe4 Qg3+ 27. Kf1
Qg1+ 28. Ke2 Qf2# 0-1

[Event "CNJ Echipe 2012 - F16"]
[Site "Mamaia-Constanta"]
[Date "2012.09.04"]
[Round "3.1"]
[White "Stanciu, Ioana-Georgiana"]
[Black "Cosman, Andreea-Marioara"]
[Result "0-1"]
[WhiteElo "1700"]
[BlackElo "1905"]
[PlyCount "105"]
[EventDate "2012.09.03"]

1. e4 c5 2. Nf3 d6 3. d4 cxd4 4. Nxd4 Nf6 5. Nc3 a6 6. Be2 e5 7. Nb3 Be7 8. f4
b5 9. Be3 Nbd7 10. O-O exf4 11. Bxf4 Ne5 12. a4 b4 13. Nd5 Nxd5 14. exd5 O-O
15. Nd4 Bd7 16. Qd2 Qb6 17. Be3 Qb7 18. Nf5 Bxf5 19. Rxf5 Rac8 20. Kh1 Bf6 21.
Rf4 Bg5 22. Rf2 Bxe3 23. Qxe3 Qxd5 24. Qb6 a5 25. Rd1 Qc5 26. Qxc5 Rxc5 27. Ba6
d5 28. Rfd2 Ng4 29. Kg1 Ne3 30. Rc1 f5 31. Kf2 f4 32. Rd4 Rf6 33. Bb5 Ng4+ 34.
Kg1 Kf7 35. c4 Ne3 36. b3 g5 37. h3 h5 38. Kf2 Rd6 39. h4 Ng4+ 40. Ke2 Kf6 41.
hxg5+ Kxg5 42. Kd2 h4 43. Rf1 Rf6 44. cxd5 Ne3 45. Rc1 Rxc1 46. Kxc1 Rd6 47.
Rd2 Rxd5 48. Rxd5+ Nxd5 49. Bc6 Ne3 50. Bf3 Nf5 51. Kd2 Nd4 52. Bd1 f3 53. Ke1
0-1

[Event "CNJ Echipe 2012 - F16"]
[Site "Mamaia-Constanta"]
[Date "2012.09.07"]
[Round "6.1"]
[White "Cosman, Andreea-Marioara"]
[Black "Stanciu, Ioana-Georgiana"]
[Result "1-0"]
[WhiteElo "1905"]
[BlackElo "1700"]
[PlyCount "51"]
[EventDate "2012.09.03"]

1. d4 d5 2. c4 dxc4 3. Nf3 a6 4. a4 e6 5. e3 Nf6 6. Bxc4 c5 7. O-O Nc6 8. Qe2
Qb6 9. Rd1 Bd7 10. Nc3 Na5 11. Ne5 Nxc4 12. Nxc4 Qc7 13. a5 Bb5 14. Nxb5 axb5
15. Nb6 Rd8 16. Qxb5+ Nd7 17. d5 Bd6 18. dxe6 fxe6 19. f4 O-O 20. Qc4 Rf6 21.
Nxd7 Rxd7 22. Bd2 Kh8 23. Bc3 Rh6 24. Qb5 Re7 25. a6 bxa6 26. Rxa6 1-0

[Event "CN Senioare 2012"]
[Site "Sarata Monteoru"]
[Date "2012.02.13"]
[Round "1.8"]
[White "Dragomirescu Grigorieva, Angela"]
[Black "Stanciu, Ioana-Georgiana"]
[Result "1-0"]
[WhiteElo "2240"]
[BlackElo "1697"]
[PlyCount "33"]
[EventDate "2012.02.13"]

1. d4 d5 2. c4 e6 3. Nf3 c6 4. Nbd2 Nf6 5. e3 Nbd7 6. Bd3 Bd6 7. b3 e5 8. cxd5
Nxd5 9. Bb2 Qe7 10. O-O N5f6 11. Qc2 O-O 12. Nc4 exd4 13. Nxd6 Qxd6 14. Bxd4 h6
15. Rad1 Nd5 16. Qb2 N7f6 17. e4 1-0

[Event "CN Senioare 2012"]
[Site "Sarata Monteoru"]
[Date "2012.02.14"]
[Round "2.8"]
[White "Stanciu, Ioana-Georgiana"]
[Black "Vasile , Teodora"]
[Result "0-1"]
[WhiteElo "1697"]
[BlackElo "1985"]
[PlyCount "99"]
[EventDate "2012.02.13"]

1. e4 c6 2. d4 d5 3. Nc3 dxe4 4. Nxe4 Bf5 5. Ng3 Bg6 6. h4 h6 7. Nf3 Nd7 8. h5
Bh7 9. Bd3 Bxd3 10. Qxd3 e6 11. Bd2 Ngf6 12. O-O-O Qc7 13. Ne4 Nxe4 14. Qxe4
Nf6 15. Qe2 Bd6 16. c4 Bf4 17. Ne5 Bxd2+ 18. Rxd2 O-O-O 19. Rhd1 Rhf8 20. f4
Kb8 21. g4 Rd6 22. Kb1 Nd7 23. d5 exd5 24. cxd5 Nxe5 25. Qxe5 f6 26. Qc3 Re8
27. a3 Qe7 28. Qf3 Red8 29. Qg2 Qe3 30. f5 c5 31. Ka1 Re8 32. Qh2 Qe5 33. Qg2
c4 34. Rc2 b5 35. Rdd2 Ra6 36. Re2 Rxa3+ 37. Kb1 Re3 38. Rxe3 Qxe3 39. d6 Qe1+
40. Ka2 Qa5+ 41. Kb1 Re1+ 42. Rc1 Rxc1+ 43. Kxc1 Qe1+ 44. Kc2 b4 45. b3 Qc3+
46. Kd1 Qxb3+ 47. Kc1 Qc3+ 48. Kb1 Qd3+ 49. Ka1 Qxd6 50. Qe4 0-1

[Event "CN Senioare 2012"]
[Site "Sarata Monteoru"]
[Date "2012.02.15"]
[Round "3.14"]
[White "Ciocan, Maria Alexandra"]
[Black "Stanciu, Ioana-Georgiana"]
[Result "0-1"]
[WhiteElo "1563"]
[BlackElo "1697"]
[PlyCount "78"]
[EventDate "2012.02.13"]

1. e4 c5 2. Nc3 e6 3. Nf3 Nc6 4. d4 cxd4 5. Nxd4 Nf6 6. g4 h6 7. h3 a6 8. Bg2
d6 9. O-O Qc7 10. Kh1 Bd7 11. f4 Be7 12. Be3 O-O-O 13. Qf3 Nxd4 14. Bxd4 Bc6
15. Qg3 Rh7 16. Bf3 Rdh8 17. Rf2 Nd7 18. Bg2 e5 19. Be3 Qd8 20. Rd2 g5 21. f5
h5 22. Rf1 hxg4 23. Qxg4 Rh4 24. Qd1 g4 25. Bf2 gxh3 26. Bxh4 hxg2+ 27. Rxg2
Rxh4+ 28. Rh2 Bxe4+ 29. Nxe4 Rxe4 30. Qd5 Rb4 31. b3 Qf8 32. Rg1 Nf6 33. Qd3 d5
34. Qc3+ Kd7 35. Qxe5 Re4 36. Qc3 Qb8 37. Rg7 Qf4 38. Qh3 Ng4 39. f6 Re1+ 0-1

[Event "CN Senioare 2012"]
[Site "Sarata Monteoru"]
[Date "2012.02.16"]
[Round "4.12"]
[White "Stanciu, Ioana-Georgiana"]
[Black "Sonfalean, Maria Laura"]
[Result "1-0"]
[WhiteElo "1697"]
[BlackElo "1628"]
[PlyCount "49"]
[EventDate "2012.02.13"]

1. e4 e5 2. Nf3 Nc6 3. Bb5 a6 4. Ba4 Nf6 5. d3 b5 6. Bb3 Be7 7. Nbd2 Na5 8.
Nxe5 Nxb3 9. axb3 d6 10. Nef3 O-O 11. Nf1 Bg4 12. Ng3 h6 13. O-O c5 14. h3 Be6
15. Nh2 d5 16. e5 Nh7 17. f4 Bh4 18. Ne2 d4 19. f5 Bd5 20. Nf4 Bb7 21. Nh5 Ng5
22. Qg4 Qd5 23. Kh1 Qc6 24. Nf3 Nxf3 25. Qxg7# 1-0

[Event "CN Senioare 2012"]
[Site "Sarata Monteoru"]
[Date "2012.02.17"]
[Round "5.9"]
[White "Bulmaga, Elena"]
[Black "Stanciu, Ioana-Georgiana"]
[Result "1-0"]
[WhiteElo "1816"]
[BlackElo "1697"]
[PlyCount "119"]
[EventDate "2012.02.13"]

1. d4 d5 2. c4 dxc4 3. Nf3 a6 4. e3 b5 5. a4 Bb7 6. Nc3 b4 7. Na2 e6 8. Bxc4 a5
9. Bd2 Nf6 10. Nc1 Nbd7 11. Nb3 Be7 12. O-O O-O 13. Qe2 c5 14. Rfe1 Qb6 15.
Rac1 Rac8 16. Bb5 Rc7 17. Bxd7 Nxd7 18. Qb5 Qxb5 19. axb5 a4 20. Nxc5 Nxc5 21.
dxc5 Rxc5 22. Rxc5 Bxc5 23. Rc1 Rc8 24. Ne5 g6 25. Nc6 Bd6 26. Na5 Rxc1+ 27.
Bxc1 Bd5 28. b6 a3 29. bxa3 bxa3 30. Bxa3 Bxa3 31. b7 Bd6 32. f3 f5 33. Kf1 e5
34. Ke2 e4 35. f4 Kf7 36. Kd2 Ke7 37. Kc3 Kd7 38. Kd4 Bc6 39. g3 Kc7 40. b8=Q+
Kxb8 41. Nxc6+ Kc7 42. Ne5 Bb4 43. g4 Kd6 44. Nf7+ Ke7 45. Ne5 Ke6 46. g5 Kd6
47. Nc4+ Kc6 48. Ne5+ Kb5 49. Nd7 Bd2 50. Nf6 Bb4 51. Nxh7 Bc5+ 52. Ke5 Bxe3
53. Nf8 Bc5 54. Nxg6 e3 55. Nh4 Kc4 56. Kxf5 Kd3 57. Ng2 e2 58. g6 Bd4 59. h4
Bg7 60. h5 1-0

[Event "CN Senioare 2012"]
[Site "Sarata Monteoru"]
[Date "2012.02.18"]
[Round "6.11"]
[White "Stanciu, Ioana-Georgiana"]
[Black "Cirlig, Ioana Andreea"]
[Result "1/2-1/2"]
[WhiteElo "1697"]
[BlackElo "1665"]
[PlyCount "42"]
[EventDate "2012.02.13"]

1. e4 c6 2. d4 d5 3. Nc3 dxe4 4. Nxe4 Bf5 5. Ng3 Bg6 6. h4 h6 7. Nf3 Nd7 8. h5
Bh7 9. Bd3 Bxd3 10. Qxd3 Ngf6 11. Bf4 Qa5+ 12. Bd2 Qc7 13. O-O-O O-O-O 14. c4
e6 15. Ne4 Nxe4 16. Qxe4 Nf6 17. Qe2 Bd6 18. g3 c5 19. Bc3 cxd4 20. Nxd4 a6 21.
Kb1 Kb8 1/2-1/2

[Event "CN Senioare 2012"]
[Site "Sarata Monteoru"]
[Date "2012.02.19"]
[Round "7.10"]
[White "Coman, Emilia-Florentina"]
[Black "Stanciu, Ioana-Georgiana"]
[Result "0-1"]
[WhiteElo "1463"]
[BlackElo "1697"]
[Annotator "Anuta Laurentiu"]
[PlyCount "96"]
[EventDate "2012.02.13"]

1. Nf3 g6 2. b3 Bg7 3. d4 d6 4. Bb2 Nf6 5. e3 Nbd7 6. Be2 O-O 7. O-O e5 8. dxe5
Ng4 9. c4 Ngxe5 10. Nc3 (10. Nxe5 $1) 10... Nxf3+ 11. Bxf3 Ne5 12. Be2 Be6 13.
Qc2 h5 14. Rad1 (14. f4) 14... h4 15. h3 $14 Qd7 $6 (15... Nd7) 16. Nd5 (16. c5
$1) 16... Bxd5 (16... Rae8) 17. Rxd5 (17. cxd5 $1) 17... Qe7 18. Bxe5 $2 (18.
c5) 18... Bxe5 19. c5 $6 (19. b4) 19... c6 20. cxd6 Bxd6 21. Rd3 Rad8 22. Rfd1
Rd7 23. Qc4 $11 Rfd8 $2 (23... Rdd8) 24. Bg4 $14 b5 25. Qc2 f5 26. Be2 $6 (26.
Bf3) 26... c5 27. Bf3 (27. Kf1 $1) 27... a6 28. R1d2 $11 (28. Rd5 $1 $14) 28...
f4 29. Qd1 (29. Bg4 $1 $14) 29... fxe3 30. Rxe3 Qf6 31. Bg4 $4 (31. Kf1 $1)
31... Bh2+ 32. Kxh2 Rxd2 33. Qe1 Qd6+ 34. Kh1 Rf8 35. Re6 Qd3 36. Re8 $2 (36.
Rxg6+) 36... Rdxf2 37. Qe6+ Kg7 38. Qe7+ R2f7 39. Qe5+ Kh6 40. Rxf8 Rxf8 41.
Bf3 Qd4 42. Qxd4 cxd4 43. Kg1 Re8 44. Kf2 d3 45. Bd1 d2 46. Be2 Kg5 47. Bd1 Kf4
48. Bf3 Re1 0-1

[Event "CN Senioare 2012"]
[Site "Sarata Monteoru"]
[Date "2012.02.20"]
[Round "8.8"]
[White "Stanciu, Ioana-Georgiana"]
[Black "Anton, Roxana-Ana"]
[Result "0-1"]
[WhiteElo "1697"]
[BlackElo "1859"]
[PlyCount "74"]
[EventDate "2012.02.13"]

1. e4 e6 2. d3 d5 3. Nd2 Nf6 4. Ngf3 c5 5. g3 Nc6 6. Bg2 Be7 7. O-O O-O 8. Re1
Qc7 9. Qe2 Nb4 10. Nf1 dxe4 11. dxe4 e5 12. c3 Nc6 13. h4 a6 14. N3h2 Be6 15.
g4 Qc8 16. g5 Ng4 17. Bf3 Nxh2 18. Kxh2 f5 19. h5 f4 20. g6 Rf6 21. gxh7+ Kxh7
22. Nd2 Rh6 23. Rh1 g5 24. Rg1 Qd7 25. Nc4 Rg8 26. Nb6 Qe8 27. Bg4 Bxg4 28.
Qxg4 Qxh5+ 29. Qxh5 Rxh5+ 30. Kg2 g4 31. Nd5 g3 32. fxg3 Rxg3+ 33. Kf1 Rxg1+
34. Kxg1 Rh3 35. Nxe7 Nxe7 36. Kg2 Rd3 37. a4 Ng8 0-1

[Event "CN Senioare 2012"]
[Site "Sarata Monteoru"]
[Date "2012.02.21"]
[Round "9.10"]
[White "Stanciu, Ioana-Georgiana"]
[Black "Bratu, Andreea"]
[Result "1-0"]
[WhiteElo "1697"]
[BlackElo "1787"]
[PlyCount "73"]
[EventDate "2012.02.13"]

1. e4 c5 2. Nf3 d6 3. d4 cxd4 4. Nxd4 Nf6 5. Nc3 a6 6. f4 e6 7. Qf3 Qc7 8. Be3
b5 9. Bd3 Bb7 10. g4 h6 11. O-O-O Nbd7 12. g5 hxg5 13. fxg5 Ne5 14. Qg2 Nfg4
15. Bg1 b4 16. Nce2 Nxd3+ 17. Rxd3 Ne5 18. Rd1 d5 19. Ng3 Be7 20. h4 Rxh4 21.
Be3 Rxh1 22. Rxh1 O-O-O 23. Rh7 Nc4 24. Qf2 Nxe3 25. Qxe3 Bc5 26. e5 Qb6 27.
Nge2 Rg8 28. Qf4 Qc7 29. g6 f6 30. Nxe6 Qb6 31. N6d4 Bxd4 32. Nxd4 Kd8 33. Qh4
Bc8 34. Rh8 Be6 35. exf6 gxf6 36. Qxf6+ Ke8 37. Rxg8+ 1-0

[Event "CN Juniori 2012 F14"]
[Site "Calimanesti-Caciulata"]
[Date "2012.04.03"]
[Round "2.2"]
[White "Morar, Maria-Magdalena"]
[Black "Stanciu, Ioana-Georgiana"]
[Result "0-1"]
[WhiteElo "1493"]
[BlackElo "1707"]
[PlyCount "74"]
[EventDate "2012.??.??"]

1. e4 c5 2. Nf3 e6 3. c4 d6 4. Nc3 Nf6 5. Be2 Nbd7 6. O-O Be7 7. d4 cxd4 8.
Nxd4 a6 9. Be3 Qc7 10. Rc1 b6 11. f4 Bb7 12. Bf3 O-O 13. Kh1 Rac8 14. Nb3 Qb8
15. Qd3 Rc7 16. Na4 Ba8 17. Nd2 Rfc8 18. b3 b5 19. Nb2 Nc5 20. Bxc5 Rxc5 21.
Rc2 d5 22. e5 dxc4 23. bxc4 Nd5 24. Bxd5 Bxd5 25. Rfc1 Qc7 26. h3 bxc4 27.
Nbxc4 Qc6 28. Na5 Rxc2 29. Nxc6 Rxc1+ 30. Kh2 R8xc6 31. a4 R1c2 32. Nf3 R6c3
33. Qd1 Bxf3 34. Qe1 Rxg2+ 35. Kh1 Re2+ 36. Kg1 Rxe1+ 37. Kf2 Bh4# 0-1

[Event "CN Juniori 2012 F14"]
[Site "Calimanesti-Caciulata"]
[Date "2012.04.03"]
[Round "3.2"]
[White "Stanciu, Ioana-Georgiana"]
[Black "Varga, Adrienn"]
[Result "1-0"]
[WhiteElo "1707"]
[BlackElo "1588"]
[PlyCount "77"]
[EventDate "2012.??.??"]

1. e4 e5 2. Nf3 Nc6 3. Bb5 a6 4. Ba4 b5 5. Bb3 Na5 6. O-O Nxb3 7. axb3 d6 8. d4
Bg4 9. dxe5 Bxf3 10. Qxf3 dxe5 11. Nc3 Nf6 12. Rd1 Qc8 13. Bg5 Be7 14. Ra2 c6
15. Rda1 O-O 16. Qg3 Re8 17. f3 b4 18. Na4 Nxe4 19. fxe4 Qc7 20. Bxe7 Rxe7 21.
Qf2 f6 22. Nb6 Rd8 23. Rxa6 Qd6 24. g3 Rb8 25. Ra8 Reb7 26. Rxb8+ Rxb8 27. Kg2
c5 28. Nd5 Rc8 29. Qf1 Rf8 30. Qc4 h6 31. Nxf6+ Kh8 32. Nd5 Qg6 33. Ra5 Qg4 34.
Qd3 Qc8 35. Qe3 Qe6 36. Qxc5 Qf7 37. Ra1 Kh7 38. Qe3 Rc8 39. Nxb4 1-0